|
|
|
|
| LEADER |
01071cam a2200349 7i4500 |
| 001 |
0000066904 |
| 005 |
20180206090000.0 |
| 005 |
##20180206101500.0 |
| 003 |
##MY-KlINT |
| 008 |
180206t2015 maua g bhi 001 0 eng |
| 020 |
# |
# |
|a 9781422184127
|
| 039 |
# |
9 |
|a 201802061015
|b afmi
|y 201802061004
|z afmi
|
| 040 |
# |
# |
|a IKWS
|
| 082 |
0 |
0 |
|a 658.4092
|
| 090 |
0 |
0 |
|a 658.4092
|b IBA
|
| 100 |
1 |
# |
|a Ibrra, Herminia,
|d 1961-
|e author
|
| 245 |
1 |
0 |
|a ACT LIKE A LEADER, THINK LIKE A LEADER /
|c HERMINIA IBARRA.
|
| 264 |
# |
0 |
|a Boston, Massachusetts
|b Harvard Business Review Press
|c 2015
|
| 264 |
# |
0 |
|c ♭2015
|
| 300 |
# |
# |
|a 221pages:
|b Illustration;
|c 25cm.
|
| 336 |
# |
# |
|a text
|2 rdacontent
|
| 337 |
# |
# |
|a unmediated
|2 rdamedia
|
| 338 |
# |
# |
|a volume
|2 rdacarrier
|
| 500 |
# |
# |
|a Includes indexs
|
| 504 |
# |
# |
|a Bibliography : pages 191-205
|
| 583 |
# |
# |
|a Cataloging in progress
|
| 650 |
# |
0 |
|a Leadership
|
| 650 |
# |
0 |
|a Executive ability
|
| 650 |
# |
0 |
|a Organizational change
|
| 997 |
|
|
|a IKWS
|
| 998 |
|
|
|a 2016/413
|
| 999 |
|
|
|a 3000016970
|b BOOK
|c Main Non-Fiction
|e INTAN Kampus Wilayah Selatan
|